[Event "20th Karpov Poikovsky 2019"]
[Site "Poikovsky"]
[Date "2019.06.10"]
[Round "5.4"]
[White "Saric, Ivan"]
[Black "Artemiev, Vladislav"]
[Result "1/2-1/2"]
[WhiteElo "2680"]
[BlackElo "2761"]
[Annotator "TA"]
[PlyCount "69"]
[EventDate "2019.06.06"]
[EventType "tourn"]
[EventCountry "RUS"]
[SourceTitle "playchess.com"]
[Source "ChessBase"]
[SourceQuality "1"]

{[%evp 10,69,45,28,28,28,26,25,34,37,32,42,36,31,33,17,19,27,19,16,21,24,32,32,32,32,32,32,34,34,39,31,27,23,25,18,18,18,35,20,10,19,13,6,8,4,8,3,5,5,5,5,4,0,0,0,0,0,0,0,0,0]} 1. e4 c5 2. Nf3 a6 3. c3 d5 4. exd5 Qxd5 5. d4 Nf6 6. Be2 cxd4 {B28: Sicilian: 2 Nf3 a6 (O'Kelly Variation)} (6... e6 7. O-O Nc6 8. Be3 cxd4 9. Nxd4 Nxd4 10. Bxd4 Bc5 11. Bf3 Qd6 12. Na3 Bxd4 13. Qxd4 Qxd4 14. cxd4 Rb8 15. Rac1 b5 16. Rc7 O-O 17. Rfc1 {½-½ (59) Goganov,A (2576)-Romanov,E (2628) Yaroslavl 2018}) 7. cxd4 e6 8. Nc3 Qd6 {White has an edge.} 9. Ne5 Nc6 10. Nxc6 bxc6 11. O-O Be7 12. Bg5 O-O 13. Qd2 a5 $146 ({Predecessor:} 13... Rd8 14. Rfd1 {1-0 (35) Volke,K (2467)-Thoma,R (2361) Austria 2001}) 14. Rfd1 Ba6 15. Bxf6 Bxf6 16. Ne4 Qb4 17. Nxf6+ gxf6 18. Bf3 Qxd2 19. Rxd2 Bb5 20. a4 Bc4 $1 21. Bxc6 Rab8 22. d5 Rfd8 {[%cal Re6d5]} 23. Rad1 {Black must now prevent dxe6.} Rb6 24. dxe6 (24. g3 {feels hotter.} Kg7 25. Rd4 Be2 26. Rc1 Rxb2 27. d6) 24... Rxd2 {The position is equal.} 25. Rxd2 fxe6 $14 {[%mdl 4096] Endgame KRB-KRB} 26. Bf3 Bb3 27. Rd8+ Kg7 28. Rd7+ Kh6 29. Rb7 Rxb7 30. Bxb7 Bxa4 $11 {KB-KB} 31. f4 e5 32. fxe5 fxe5 33. Kf2 Kg5 34. Ke3 Kf6 35. Bd5 {Accuracy: White = 68%, Black = 87%.} 1/2-1/2

[Event "20th Karpov Poikovsky 2019"]
[Site "Poikovsky"]
[Date "2019.06.10"]
[Round "5.5"]
[White "Wang, Hao"]
[Black "Esipenko, Andrey"]
[Result "1/2-1/2"]
[WhiteElo "2737"]
[BlackElo "2611"]
[Annotator "TA"]
[PlyCount "67"]
[EventDate "2019.06.06"]
[EventType "tourn"]
[EventCountry "RUS"]
[SourceTitle "playchess.com"]
[Source "ChessBase"]
[SourceQuality "1"]

{[%evp 10,67,27,11,28,0,11,0,13,-4,25,18,23,16,23,0,51,50,41,43,51,52,55,47,48,24,33,24,12,15,17,21,18,17,40,39,40,40,41,41,40,40,39,40,39,37,37,41,44,0,0,0,0,0,14,0,4,0,0,118]} 1. c4 Nf6 2. Nc3 e6 3. e4 d5 4. cxd5 exd5 5. e5 Ne4 6. Nf3 ({Don't play} 6. Nxe4 dxe4 7. Qa4+ Nc6 $15) 6... Bf5 {A18: English Opening: Flohr-Mikenas System (1 c4 Nf6 2 Nc3 e6 3 e4)} 7. d3 (7. Be2 {keeps more tension.} d4 8. Nxe4 Bxe4 9. Bc4 Nc6 10. O-O) 7... Nxc3 8. bxc3 c5 9. d4 Nc6 (9... c4 {feels hotter.} 10. g3) 10. Bd3 Bxd3 11. Qxd3 cxd4 12. Nxd4 Nxd4 ({Black should play} 12... Nxe5 $11 13. Qe2 Qe7) 13. cxd4 $14 Bb4+ 14. Ke2 {[#] Strongly threatening Qb5+.} O-O $146 15. Rb1 Ba5 16. Ba3 Re8 $1 17. Rxb7 {Qf5 is the strong threat.} Qc8 18. Rb3 Qg4+ 19. Kf1 Bb6 20. Bb2 Rac8 21. h3 Qe4 22. Qxe4 dxe4 23. Ke2 Rc2+ 24. Ke3 Rxe5 $1 25. Rxb6 axb6 26. dxe5 Rxb2 {[%mdl 4096] Endgame KR-KR} 27. Rd1 {[%cal Rd1d8] [#]} Kf8 28. Rd2 Rb4 29. a3 Rb3+ {The position is equal.} 30. Kxe4 Rxa3 31. Rb2 Ra6 32. Kf5 b5 33. Rxb5 (33. f4 $11) 33... Ra2 $1 $16 34. Rb8+ {Accuracy: White = 77%, Black = 81%.} 1/2-1/2

[Event "20th Karpov Poikovsky 2019"]
[Site "Poikovsky"]
[Date "2019.06.11"]
[Round "6.1"]
[White "Jakovenko, Dmitry"]
[Black "Sasikiran, Krishnan"]
[Result "1/2-1/2"]
[WhiteElo "2704"]
[BlackElo "2673"]
[Annotator "TA"]
[PlyCount "31"]
[EventDate "2019.06.06"]
[EventType "tourn"]
[EventCountry "RUS"]
[SourceTitle "playchess.com"]
[Source "ChessBase"]
[SourceQuality "1"]

{[%evp 14,21,8,17,15,0,0,0,0,-6]} 1. e4 e5 2. Nf3 Nc6 3. Bc4 Bc5 4. c3 Nf6 5. d3 d6 6. O-O a6 7. Bb3 Ba7 8. Re1 {The position is equal.} h6 {C54: Giuoco Piano: 4 c3 Nf6, main lines with 5 d4 and 5 d3} 9. Be3 (9. Nbd2 g5 10. Nf1 g4 11. N3d2 h5 12. Nc4 b5 13. Nce3 h4 14. Bd5 Nxd5 15. exd5 Ne7 16. Nxg4 Bxg4 17. Qxg4 {0-1 (55) Amin,B (2710)-Fedoseev,V (2719) St Petersburg 2018}) 9... Bxe3 10. Rxe3 O-O 11. Nbd2 {Predecessor:} Ne7 $146 12. d4 Ng6 13. Nf1 Be6 14. Ng3 Re8 15. Ba4 Bd7 16. dxe5 {1-0 (54) Malik,J (2284)-Benes,M (2004) Ostrava 2018} 1/2-1/2

[Event "20th Karpov Poikovsky 2019"]
[Site "Poikovsky"]
[Date "2019.06.11"]
[Round "6.2"]
[White "Fedoseev, Vladimir"]
[Black "Saric, Ivan"]
[Result "0-1"]
[WhiteElo "2680"]
[BlackElo "2680"]
[Annotator "TA"]
[PlyCount "70"]
[EventDate "2019.06.06"]
[EventType "tourn"]
[EventCountry "RUS"]
[SourceTitle "playchess.com"]
[Source "ChessBase"]
[SourceQuality "1"]

{[%evp 11,70,0,0,6,17,17,16,9,6,11,14,0,0,0,0,0,3,-1,23,19,31,33,13,18,12,0,22,16,58,56,59,32,33,0,0,0,0,-116,-134,-248,-184,-192,-185,-181,-175,-373,-368,-417,-436,-429,-425,-511,-500,-760,-609,-1300,-1114,-5197,-5165,-4133,-695]} 1. d4 Nf6 2. c4 c6 3. Nf3 d5 4. e3 Bg4 5. Qb3 Qb6 6. Nc3 e6 7. Nh4 {D11: Slav Defence: 3 Nf3 sidelines and 3...Nf6 4 e3 Bg4} Be7 8. h3 Bh5 9. g4 {The position is equal.} Bg6 10. Nxg6 hxg6 11. Bg2 g5 12. Bd2 Nbd7 13. O-O-O a5 {[#]} 14. Qa4 $146 ({Predecessor:} 14. Kb1 a4 15. Qxb6 Nxb6 16. cxd5 Nfxd5 17. Ne4 Nc4 18. a3 Nxd2+ 19. Nxd2 f6 20. Rc1 Kf7 21. Rc2 {½-½ (21) Hammer,J (2659)-Shirov,A (2639) Sweden 2019}) 14... Bb4 15. a3 Bxc3 16. Bxc3 Qc7 17. cxd5 b5 18. Qb3 Nxd5 19. Bd2 Rb8 20. Kb1 a4 21. Qc2 b4 $1 {[%cal Rb4a3] Strongly threatening ...bxa3.} 22. axb4 (22. Qxa4 {with more complications.} bxa3 23. Qxa3 c5 24. h4 gxh4 25. Rc1) 22... Nxb4 23. Qxa4 Nd3 $36 {[%mdl 2112] Double Attack. Black has good play.} 24. Bc3 (24. Ba5 $1 $11 Qb7 25. b4 Nxb4 26. Bxb4) 24... Nxf2 $17 {[%mdl 64] Double Attack} 25. Bxc6 (25. Bb4 $17) 25... Nxd1 ({Worse is} 25... Nxh1 26. Ba5 $11) 26. Rxd1 {Threatening Ba5.} O-O 27. d5 Ne5 28. h4 $2 (28. Qd4 f6 29. Qe4) 28... exd5 $19 29. Qd4 Qxc6 30. Qxe5 {[%csl Gc3][%cal Re5g7] Black is clearly winning.} Qg6+ 31. Kc1 gxh4 32. Rh1 (32. Qh5 $142) 32... Rfe8 33. Qh2 {[#]} Rec8 $1 {( -> ...Rxc3+!)} 34. Qe5 d4 35. Qxd4 {[#]} Ra8 {Accuracy: White = 43%, Black = 73%.} (35... Rxc3+ $142 $1 {[%mdl 512]} 36. Qxc3 (36. bxc3 Qb1+) 36... Qe6 37. Rxh4 Rc8) 0-1

[Event "20th Karpov Poikovsky 2019"]
[Site "Poikovsky"]
[Date "2019.06.11"]
[Round "6.3"]
[White "Artemiev, Vladislav"]
[Black "Wang, Hao"]
[Result "1/2-1/2"]
[WhiteElo "2761"]
[BlackElo "2737"]
[Annotator "TA"]
[PlyCount "111"]
[EventDate "2019.06.06"]
[EventType "tourn"]
[EventCountry "RUS"]
[SourceTitle "playchess.com"]
[Source "ChessBase"]
[SourceQuality "1"]

{[%evp 14,111,6,8,13,4,15,15,7,10,22,0,28,29,21,0,0,0,17,11,32,6,40,36,17,0,31,31,31,24,25,19,19,19,25,23,40,20,95,61,66,66,72,52,43,53,52,54,52,23,14,9,4,0,21,20,17,8,17,22,40,36,32,10,15,3,0,0,0,0,0,0,5,0,0,0,8,8,18,0,0,0,0,0,0,0,0,0,14,14,15,0,0,0,0,0,0,0,0,0]} 1. Nf3 d5 2. g3 g6 3. Bg2 Bg7 4. d4 Nf6 5. O-O O-O 6. Nbd2 c6 7. c4 a5 8. b3 a4 {D78: Fianchetto Grünfeld: 6 0-0 c6} (8... Ne4 9. Bb2 Bf5 10. Nh4 Nxd2 11. Qxd2 Be6 12. f4 Nd7 13. f5 gxf5 14. Nxf5 Bxf5 15. Rxf5 e6 16. Rff1 f5 17. cxd5 cxd5 18. Rac1 Nf6 19. Bf3 a4 {0-1 (39) Wang,H (2730)-Dubov,D (2703) St Petersburg 2018}) 9. Ba3 Re8 10. e3 Bf5 11. Re1 Nbd7 12. h3 Bd3 13. cxd5 Nxd5 $146 ({Predecessor:} 13... cxd5 14. bxa4 b5 15. Nb3 Bc4 16. a5 Bxb3 17. axb3 Qxa5 {½-½ (43) Maiorov,N (2523)-Lin,Y (2345) Lienz 2019}) 14. Nc4 Be4 15. bxa4 N7b6 16. Ncd2 Bxf3 17. Nxf3 Nc4 18. Bc1 Qa5 19. Nd2 Nxd2 20. Bxd2 Qxa4 21. Rb1 Reb8 22. Qxa4 Rxa4 23. Rec1 Rxa2 {[#]} 24. Rxc6 $1 {[%mdl 512]} Rxd2 (24... bxc6 25. Rxb8+) 25. Bxd5 b5 (25... e5 $11) 26. Rc7 Bf8 27. Kf1 e6 28. Ke1 Rd3 $1 29. Bb3 {aiming for Ke2.} Bb4+ 30. Ke2 Rc3 31. Ra7 {Hoping for Bxe6!} Bd6 32. Rd7 Rb6 33. e4 (33. g4 {with more complications.} g5 34. d5 e5 35. Bd1 Kg7 36. Rb3) 33... Rc7 34. Rxc7 Bxc7 $11 {[%mdl 4096] Endgame KRB-KRB} 35. Ra1 Rb8 36. f4 Rd8 37. d5 e5 38. Ra7 Bd6 {The position is equal.} 39. fxe5 Bxe5 40. d6 Bxd6 41. Rxf7 {[#] And now Rd7+ would win.} Kh8 42. g4 Re8 43. Bd5 Re7 44. Rf6 Be5 45. Rb6 Kg7 46. Kf3 Rc7 47. h4 h5 {Strongly threatening ...hxg4+.} 48. gxh5 gxh5 49. Rxb5 Rc3+ 50. Ke2 Bg3 51. Kd2 Ra3 52. Rb7+ Kh6 53. Rb6+ Kg7 54. Bb3 Ra5 55. Ke3 Bxh4 56. Bd5 {Accuracy: White = 62%, Black = 52%.} 1/2-1/2

[Event "20th Karpov Poikovsky 2019"]
[Site "Poikovsky"]
[Date "2019.06.11"]
[Round "6.4"]
[White "Kovalev, Vladislav"]
[Black "Esipenko, Andrey"]
[Result "0-1"]
[WhiteElo "2661"]
[BlackElo "2611"]
[Annotator "ChessBase"]
[PlyCount "121"]
[EventDate "2019.06.06"]
[EventType "tourn"]
[EventCountry "RUS"]
[SourceTitle "playchess.com"]
[Source "ChessBase"]
[SourceQuality "1"]
[TimeControl "40/6000+30:20/3000+30:900+30"]

1. e4 {[%emt 0:00:12]} e5 {[%emt 0:00:16]} 2. Nf3 {[%emt 0:00:18]} Nc6 {[%emt 0:00:07]} 3. Bb5 {[%emt 0:00:23]} a6 {[%emt 0:00:15]} 4. Ba4 {[%emt 0:00:04]} Nf6 {[%emt 0:00:06]} 5. O-O {[%emt 0:00:05]} Be7 {[%emt 0:00:09]} 6. Re1 {[%emt 0:00:32]} b5 {[%emt 0:00:25]} 7. Bb3 {[%emt 0:00:04]} O-O {[%emt 0:00:18]} 8. h3 {[%emt 0:03:35]} Bb7 {[%emt 0:00:17]} 9. d3 {[%emt 0:00:20]} d5 {[%emt 0:00:13]} 10. exd5 {[%emt 0:01:41]} Nxd5 {[%emt 0:00:03]} 11. Nxe5 {[%emt 0:00:50]} Nxe5 {[%emt 0:00:34]} 12. Rxe5 {[%emt 0:00:05]} Qd6 {[%emt 0:00:02]} 13. Re1 {[%emt 0:02:15]} Rae8 {[%emt 0:00:09]} 14. Nd2 {[%emt 0:03:50]} c5 {[%emt 0:00:08]} 15. Ne4 {[%emt 0:20:35]} Qc6 {[%emt 0:00:07]} 16. c4 {[%emt 0:05:33]} Nb6 {[%emt 0:00:06]} 17. cxb5 {[%emt 0:29:56]} axb5 {[%emt 0:00:05]} 18. Qf3 {[%emt 0:06:10]} c4 {[%emt 0:07:03]} 19. Bc2 {[%emt 0:07:10]} Qd7 {[%emt 0:57:29]} 20. Qg3 {[%emt 0:05:35]} f5 {[%emt 0:09:21]} 21. Ng5 {[%emt 0:06:27]} Nd5 {[%emt 0:14:41]} 22. dxc4 {[%emt 0:08:42]} Bd6 {[%emt 0:00:28]} 23. f4 {[%emt 0:00:06]} Rxe1+ {[%emt 0:01:03]} 24. Qxe1 {[%emt 0:00:01]} Re8 {[%emt 0:00:45]} 25. Qh4 {[%emt 0:02:56]} Nf6 {[%emt 0:00:20]} 26. Qf2 {[%emt 0:03:01]} Qc7 {[%emt 0:10:54]} 27. b4 {[%emt 0:00:01]} Bxb4 {[%emt 0:01:34]} 28. Bb2 {[%emt 0:00:01]} Bc5 {[%emt 0:04:14]} 29. Bd4 {[%emt 0:00:01]} Bxd4 {[%emt 0:01:12]} 30. Qxd4 {[%emt 0:00:02]} h6 {[%emt 0:00:16]} 31. Nf3 {[%emt 0:02:39]} Bxf3 {[%emt 0:00:01]} 32. gxf3 {[%emt 0:00:07]} bxc4 {[%emt 0:00:09]} 33. Rd1 {[%emt 0:01:34]} Kh8 {[%emt 0:00:34]} 34. Bxf5 {[%emt 0:00:29]} Nh5 {[%emt 0:00:08]} 35. Qd6 {[%emt 0:01:38]} Qa7+ {[%emt 0:01:22]} 36. Qd4 {[%emt 0:00:01]} Qa5 {[%emt 0:01:06]} 37. Be4 {[%emt 0:00:59]} Nxf4 {[%emt 0:00:36]} 38. Qxc4 {[%emt 0:00:27]} Qg5+ {[%emt 0:00:31]} 39. Kf2 {[%emt 0:00:21]} Nxh3+ {[%emt 0:01:02]} 40. Ke2 {[%emt 0:00:00]} Nf4+ {[%emt 0:00:00]} 41. Kf2 {[%emt 0:08:27]} Nh3+ {[%emt 0:07:54]} 42. Ke2 {[%emt 0:00:54]} Qg2+ {[%emt 0:00:26]} 43. Ke3 {[%emt 0:00:36]} Qf2+ {[%emt 0:06:22]} 44. Kd3 {[%emt 0:00:12]} Nf4+ {[%emt 0:00:17]} 45. Kc3 {[%emt 0:00:43]} Ne2+ {[%emt 0:00:20]} 46. Kc2 {[%emt 0:14:13]} Nd4+ {[%emt 0:00:49]} 47. Kc1 {[%emt 0:05:29]} Nxf3 {[%emt 0:04:47]} 48. Bc2 {[%emt 0:02:41]} Ng1 {[%emt 0:09:39]} 49. Kb1 {[%emt 0:08:08]} Ne2 {[%emt 0:01:58]} 50. Qd3 {[%emt 0:03:43]} Qb6+ {[%emt 0:06:26]} 51. Bb3 {[%emt 0:00:04]} Qf6 {[%emt 0:00:41]} 52. Qd7 {[%emt 0:02:12]} Rf8 {[%emt 0:01:45]} 53. Kc2 {[%emt 0:02:31]} Qc3+ {[%emt 0:07:48]} 54. Kb1 {[%emt 0:00:00]} Rc8 {[%emt 0:03:35]} 55. Qe7 {[%emt 0:06:04]} Nd4 {[%emt 0:00:51]} 56. Qe5 {[%emt 0:00:31]} Rd8 {[%emt 0:02:28]} 57. Qe7 {[%emt 0:02:33]} Rb8 {[%emt 0:00:29]} 58. Rc1 {[%emt 0:00:42]} Qd3+ {[%emt 0:00:23]} 59. Kb2 {[%emt 0:00:20]} Qd2+ {[%emt 0:00:16] Qe4 Qc3+} 60. Kb1 Rd8 61. Rd1 0-1

[Event "20th Karpov Poikovsky 2019"]
[Site "Poikovsky"]
[Date "2019.06.11"]
[Round "6.5"]
[White "Mamedov, Rauf"]
[Black "Korobov, Anton"]
[Result "1/2-1/2"]
[WhiteElo "2650"]
[BlackElo "2687"]
[Annotator "TA"]
[PlyCount "45"]
[EventDate "2019.06.06"]
[EventType "tourn"]
[EventCountry "RUS"]
[SourceTitle "playchess.com"]
[Source "ChessBase"]
[SourceQuality "1"]

{[%evp 18,45,0,0,11,18,19,6,25,7,8,0,0,0,0,0,0,0,0,0,0,0,0,0,0,0,0,0,0,0]} 1. e4 c5 2. Nf3 d6 3. d4 cxd4 4. Nxd4 Nf6 5. Nc3 a6 6. Bg5 e6 7. f4 Qb6 8. Qd2 Qxb2 9. Rb1 Qa3 10. f5 e5 {B97: Sicilian Najdorf: Poisoned Pawn} (10... Be7 11. fxe6 Bxe6 12. Nxe6 fxe6 13. Bc4 Nbd7 14. Bxe6 Nc5 15. Bf5 g6 16. O-O gxf5 17. Rxf5 Rf8 18. Bxf6 Bxf6 {½-½ (30) Wen,Y (2596)-Li,C (2725) Hangzhou 2018}) 11. Bxf6 gxf6 12. Nb3 Nd7 13. Nd5 {[#] Nc7+ is the strong threat.} Rb8 $146 {The position is equal.} ({Predecessor:} 13... Qxa2 14. Ra1 Qb2 15. Nc7+ Ke7 16. Bc4 Nb6 17. Nd5+ Nxd5 18. Qxd5 Qc3+ 19. Kd1 b5 20. Qxf7+ Kd8 21. Bd5 Rb8 22. Qxf6+ Kd7 23. Qxh8 Be7 24. f6 {1-0 (24) Bjerring,K (2365)-Sandahl,J Copenhagen 1977}) 14. Nc7+ Kd8 15. Nd5 b6 16. Be2 h5 17. Qc3 {And now Qc7+ would win.} Ke8 18. Qc6 Bb7 19. Nxf6+ $1 {[%mdl 64] [#] Double Attack} Ke7 20. Nd5+ $1 Ke8 21. Nf6+ Ke7 22. Nd5+ Ke8 23. Nf6+ {Accuracy: White = 63%, Black = 96%.} 1/2-1/2

[Event "20th Karpov Poikovsky 2019"]
[Site "Poikovsky"]
[Date "2019.06.13"]
[Round "7.1"]
[White "Korobov, Anton"]
[Black "Jakovenko, Dmitry"]
[Result "1/2-1/2"]
[WhiteElo "2687"]
[BlackElo "2704"]
[Annotator "TA"]
[PlyCount "64"]
[EventDate "2019.06.06"]
[EventType "tourn"]
[EventCountry "RUS"]
[SourceTitle "playchess.com"]
[Source "ChessBase"]
[SourceQuality "1"]

{[%evp 9,64,2,22,0,17,6,12,0,37,18,16,0,0,0,0,0,0,0,0,-20,0,0,10,14,35,12,35,14,11,0,12,12,49,39,44,52,37,0,0,0,0,0,0,0,0,0,0,0,0,0,0,0,0,0,0,0,0]} 1. d4 Nf6 2. Nf3 d5 3. e3 e6 4. Bd3 c5 5. b3 Bd6 6. O-O {D05: Colle System with ...e6} O-O 7. Bb2 (7. dxc5 Bxc5 8. Bb2 Qe7 9. a3 b6 10. Nbd2 Bb7 11. c4 dxc4 12. Nxc4 a5 13. Nfe5 Nc6 14. Nxc6 Bxc6 {1-0 (41) Dominguez Perez,L (2739)-Hammer,J (2631) chess.com INT 2018}) 7... b6 8. Nbd2 Ba6 9. c4 Nc6 10. Qe2 cxd4 11. exd4 Bf4 $146 ({Predecessor:} 11... Nb4 12. Bb1 dxc4 13. bxc4 {0-1 (26) Motuz,K (2336)-Coiffait,P (1930) Cannes 2014}) 12. g3 Bh6 13. Rad1 Rc8 14. Bc3 Qe7 15. Ne5 Bxd2 16. Rxd2 Rfd8 17. Re1 Bb7 18. Ng4 a5 19. Ne3 Nb4 20. Bb1 $1 dxc4 (20... Qd6 {is more complex.} 21. c5 Qc7 22. a3 Ba6 23. Qd1 Nc6) 21. bxc4 Ne4 22. Bxe4 Bxe4 23. d5 (23. Qg4 {feels hotter.} f5 24. Qe2 Qb7 25. a3 Na6 26. d5) 23... Nxd5 $1 {The position is equal.} 24. Nxd5 exd5 25. cxd5 $40 {[%mdl 128] [#] And now Bb2 would win. White attacks.} Rxc3 26. Qxe4 Qxe4 27. Rxe4 $11 {[%mdl 4096] Endgame KRR-KRR} Kf8 28. d6 Rc6 29. d7 Rc7 30. Red4 Ke7 {[%cal Rc7d7]} 31. Re2+ Kf8 32. Red2 Ke7 {Accuracy: White = 33%, Black = 57%.} 1/2-1/2

[Event "20th Karpov Poikovsky 2019"]
[Site "Poikovsky"]
[Date "2019.06.13"]
[Round "7.2"]
[White "Wang, Hao"]
[Black "Fedoseev, Vladimir"]
[Result "1/2-1/2"]
[WhiteElo "2737"]
[BlackElo "2680"]
[Annotator "TA"]
[PlyCount "41"]
[EventDate "2019.06.06"]
[EventType "tourn"]
[EventCountry "RUS"]
[SourceTitle "playchess.com"]
[Source "ChessBase"]
[SourceQuality "1"]

{[%evp 24,41,21,36,23,0,0,0,14,-8,-7,-8,-21,-21,-10,-8,0,0,-8,-23]} 1. d4 Nf6 2. c4 e6 3. g3 d5 4. Bg2 Bb4+ 5. Bd2 Be7 6. Nf3 O-O 7. O-O c6 8. Qc2 Nbd7 9. Bf4 Nh5 10. Bc1 Nhf6 11. Nbd2 b6 {[%cal Bb7b6,Bb6b5][%mdl 32]} 12. e4 dxc4 13. Nxc4 Bb7 {E09: Closed Catalan: Main Line: 7 Qc2 c6 8 Nbd2} 14. e5 (14. Bg5 b5 15. Bxf6 Nxf6 16. Ncd2 Rc8 17. e5 Nd7 18. a4 {½-½ (15) Swiercz,D (2649)-Cori Tello,J (2660) Columbus 2017}) 14... Nd5 {The position is equal.} 15. Bd2 Rc8 16. Qe4 b5 17. Na5 Ba8 $1 18. Qg4 g6 $146 ({Predecessor:} 18... Re8 19. Nb3 c5 20. Ba5 {1-0 (25) Butnorius,A (2440)-Linauskas,D (2320) Radviliskis 1995}) 19. Nb3 h5 20. Qe4 c5 21. dxc5 1/2-1/2

[Event "20th Karpov Poikovsky 2019"]
[Site "Poikovsky"]
[Date "2019.06.13"]
[Round "7.3"]
[White "Esipenko, Andrey"]
[Black "Artemiev, Vladislav"]
[Result "1/2-1/2"]
[WhiteElo "2611"]
[BlackElo "2761"]
[Annotator "TA"]
[PlyCount "110"]
[EventDate "2019.06.06"]
[EventType "tourn"]
[EventCountry "RUS"]
[SourceTitle "playchess.com"]
[Source "ChessBase"]
[SourceQuality "1"]

{[%evp 12,110,30,23,53,41,41,41,53,47,48,38,47,40,54,35,56,19,48,48,85,50,95,66,62,56,61,65,63,40,87,119,133,129,127,129,145,83,100,91,159,149,143,142,154,136,161,69,109,76,83,87,79,114,240,266,216,77,37,0,0,0,0,0,0,0,0,0,0,0,0,0,0,0,0,0,0,0,0,0,0,0,0,0,0,0,0,0,0,0,0,0,0,0,0,0,0,0,0,0,0]} 1. d4 d5 2. c4 c6 3. Nf3 Nf6 4. Nc3 e6 5. Bg5 Nbd7 6. e3 h6 7. Bh4 g5 {D51: Queen's Gambit Declined: 4 Bg5 Nbd7 sidelines} 8. Bg3 Nh5 9. Qc2 Nxg3 {White is slightly better.} 10. hxg3 Bg7 11. O-O-O Qe7 12. Kb1 O-O 13. cxd5 $146 ({Predecessor:} 13. Bd3 dxc4 14. Bxc4 Rd8 15. Ne4 {½-½ (31) Lenic,L (2650)-Haba,P (2444) Austria 2018}) 13... cxd5 14. g4 Rd8 15. Bd3 a6 16. Ne2 b5 17. Qc7 $36 {[%mdl 2048] White has some pressure.} Re8 18. Rc1 Nf6 19. Ne5 Bd7 20. Qa5 Qd8 21. Qd2 Rc8 22. Ng3 $1 Rxc1+ 23. Rxc1 Re7 24. f4 (24. Qc3 $142) 24... Be8 $16 25. Qc2 Qa5 (25... Ra7 $142) 26. fxg5 $1 hxg5 27. Nh5 Nxh5 28. gxh5 Qb6 {[#]} 29. Qf2 ({Better is} 29. h6 $1 $18 {[%cal Rh6g7][%mdl 512]} Bxh6 30. Qf2) 29... f5 30. Rc8 {Nc6 is the strong threat.} Bxe5 31. dxe5 {And now Qg3! would win.} Qb7 32. Qc2 d4 (32... g4 $16 {was called for.}) 33. exd4 $18 Kg7 34. Rd8 ({Much less strong is} 34. Bxf5 $6 exf5 35. Qxf5 Qd7 $16) (34. Qc5 $18 {has better winning chances.}) 34... Bxh5 $16 35. d5 {Black must now prevent d6.} Qb6 {The position is equal.} 36. Rd6 Qg1+ 37. Qc1 Qxc1+ 38. Kxc1 exd5 39. Bxf5 Rxe5 $11 {[%mdl 4096] Endgame KRB-KRB} 40. g4 a5 41. Kd2 Bf7 42. b3 a4 43. Ra6 Be8 44. Bc2 axb3 45. axb3 Kf8 46. Kc3 Re3+ 47. Kd4 Rg3 48. Bf5 Rxb3 49. Kxd5 Re3 50. Rb6 Re1 51. Rb8 Ke7 52. Rb7+ Kd8 53. Kd6 {[%cal Rb7b8]} Rd1+ 54. Kc5 Rc1+ 55. Kd6 {Threatening mate with Rb8+.} Rd1+ {Accuracy: White = 68%, Black = 57%.} 1/2-1/2

[Event "20th Karpov Poikovsky 2019"]
[Site "Poikovsky"]
[Date "2019.06.13"]
[Round "7.4"]
[White "Saric, Ivan"]
[Black "Mamedov, Rauf"]
[Result "1/2-1/2"]
[WhiteElo "2680"]
[BlackElo "2650"]
[Annotator "TA"]
[PlyCount "36"]
[EventDate "2019.06.06"]
[EventType "tourn"]
[EventCountry "RUS"]
[SourceTitle "playchess.com"]
[Source "ChessBase"]
[SourceQuality "1"]

{[%evp 9,36,21,21,22,34,43,45,27,37,28,34,39,35,33,31,27,41,42,33,8,11,-2,-2,-4,-8,-11,4,10,5]} 1. e4 c5 2. Nf3 Nc6 3. Bb5 Nf6 4. Nc3 Qc7 5. O-O Nd4 6. Re1 {B30: Sicilian: 2...Nc6 3 Bb5, lines without ...g6} e5 (6... a6 7. Bf1 Ng4 8. e5 Nxf3+ 9. Qxf3 Nxe5 10. Qh5 Ng6 11. Nd5 Qd6 12. d4 cxd4 13. Bd2 e6 14. Ba5 b6 15. Bxb6 {1-0 (28) Harikrishna,P (2730)-Duda,J (2731) Prague 2019}) 7. d3 $146 ({Predecessor:} 7. Bc4 Be7 8. d3 O-O {1-0 (37) Rohit,G (2457)-Hirth,U (2163) Groningen 2008}) 7... Be7 8. Bg5 {White is slightly better.} O-O 9. Bc4 d6 10. Bxf6 Bxf6 11. Nd5 Qd8 12. c3 Nxf3+ 13. Qxf3 ({Reject} 13. gxf3 Bg5 $15) 13... Bg5 14. Ne3 Be6 {The position is equal.} 15. Rad1 Qd7 16. Nf5 g6 {Hoping for ...Bxc4.} 17. Qg4 Bxf5 18. Qxg5 Be6 {Accuracy: White = 50%, Black = 67%.} 1/2-1/2